| 000 | 00360nam a2200133Ia 4500 | ||
|---|---|---|---|
| 008 | 240624s9999 xx 000 0 und d | ||
| 041 | _aeng | ||
| 082 | _a658.403 ROB | ||
| 100 | _aROBBINS STEPHEN P | ||
| 245 | _aDECIDE AND CONQUER MAKE WINNING DECISION | ||
| 260 |
_c2004 _aNew Delhi _bPearson Education |
||
| 300 | _axxiii, : 190 : p. : cm. ; 24 | ||
| 365 | _cRS | ||
| 999 |
_c3084 _d3084 |
||